00926nmm a2200277 a 4500003000900000005001700009008004100026020001800067040001300085100002700098245006900125246007000194250001200264260004500276300002500321500008500346650003100431650002300462650002000485650002200505650002600527650003100553650002500584650002400609655001500633AR-BaBNM20251128205251.0011101s1994 ||||||||||||||000 | spa|| a950-05-0826-5 cAR-BaBNM1 aPinedo, Enriqued1927-10a100 hombres que en cien años forjaron la Argentina [1810-1910]1 aCien hombres que en cien años forjaron la Argentina [1810-1910] a1ª ed. aBuenos AiresbEdiciones Corregidorc19940 a231 p.bláms., il.0 aContiene índice alfabético de todas las biografías que contiene p. 223-225 4aGUERRAS CIVILES ARGENTINAS 4aHISTORIA ECONOMICA 4aHISTORIA SOCIAL 4aHISTORIA CULTURAL 4aHISTORIA DE LAS IDEAS 4aHISTORIA DE LAS COSTUMBRES 4aHISTORIA DEL DERECHO 4aHISTORIA DEL TEATRO aBIOGRAFIAS